| 000 | 00416nam a22001457a 4500 | ||
|---|---|---|---|
| 008 | 131216b xxu||||| |||| 00| 0 eng d | ||
| 020 | _a413282708 | ||
| 050 | _aSPC BV3500.M59 | ||
| 100 |
_aMoorhouse, Geoffrey _95801 |
||
| 245 | _aThe Missionaries | ||
| 260 |
_aLondon _bEyre Methuen _c1973 |
||
| 300 |
_a368p. _c23cm |
||
| 650 |
_aMissions - Africa; Protestant Churches - Missions _95802 |
||
| 942 |
_2lcc _cMONOGRAPH |
||
| 999 |
_c119293 _d119293 |
||